000 00778nam a22002657a 4500
003 UA-OsUOA
001 63853
007 ta
008 20091022b un ||||| |||| 00| 0 ukr d
100 _aГастєва С. О.
700 _aКрельштейн Б. І.
700 _aЛяпін С. Є.
700 _aШидловська М. М.
090 _a510
_bМ54
942 _cBK
040 _aUA-OsUOA
_bukr
_cUA-OsUOA
_dUA-OsUOA
245 _aМетодика викладання математики
300 _a467 с.
955 _a2
041 _aukr
080 _a510
260 _aК.
_c1956
650 7 _a510 Фундаментальні та загальні проблеми математики. Основи математики
_2UDC
999 _c349953
_d349953